| 000 | 00342nam a22001337a 4500 | ||
|---|---|---|---|
| 020 | _a978-0851990101 | ||
| 041 | _aENG | ||
| 100 | _aThormaly,J.H | ||
| 245 | _aMathematical Models in Agriculture Qushtiave Methods Forthe Plant Animal And Eoologials | ||
| 260 |
_aDelhi _bCABI _c2007 |
||
| 300 | _a906 | ||
| 650 | _aMathas | ||
| 856 | _uMathas | ||
| 999 |
_c2663 _d2663 |
||